LEADER 01822nas 22005893a 450 001 9910142514303321 005 20241223110811.0 035 $a(CKB)111056556590000 035 $a(CONSER)--2003214860 035 $a(MiFhGG)0OTV 035 $a(MiFhGG)5EJU 035 $a(EXLCZ)99111056556590000 100 $a20030327b20032018 --- a 101 0 $aeng 181 $ctxt$2rdacontent 182 $cc$2rdamedia 183 $acr$2rdacarrier 200 00$aCorn and soybean digest 210 $aOverland Park, KS $cPrimedia$d©2003-[2018] 210 21$aNew York, NY :$cPenton Media 210 21$aOverland Park, KS :$cPrism Business Media 210 31$aOverland Park, KS :$cInforma PLC 215 $a1 online resource 300 $aTitle from cover. 311 08$aPrint version: Corn and soybean digest. (DLC) 2003214860 (OCoLC)51931719 1544-1644 330 $a"Maximizing production and marketing for profit." 531 $aCORN & SOYBEAN DIGEST 531 0 $aCorn soybean dig. 606 $aCorn$vPeriodicals 606 $aCorn industry$vPeriodicals 606 $aSoybean$vPeriodicals 606 $aSoybean industry$vPeriodicals 606 $aCorn$2fast$3(OCoLC)fst00878993 606 $aCorn industry$2fast$3(OCoLC)fst00879356 606 $aSoybean$2fast$3(OCoLC)fst01127471 606 $aSoybean industry$2fast$3(OCoLC)fst01127552 608 $aInternet resource. 608 $aPeriodicals.$2fast 615 0$aCorn 615 0$aCorn industry 615 0$aSoybean 615 0$aSoybean industry 615 7$aCorn. 615 7$aCorn industry. 615 7$aSoybean. 615 7$aSoybean industry. 676 $a633 906 $aJOURNAL 912 $a9910142514303321 920 $aexl_impl conversion 996 $aCorn and soybean digest$92580910 997 $aUNINA LEADER 02736oam 2200697 c 450 001 9910563045603321 005 20250205211415.0 024 7 $a10.3726/b12986 035 $a(CKB)4340000000239254 035 $a(oapen)https://directory.doabooks.org/handle/20.500.12854/36489 035 $a(PH02)9783954794140 035 $a(MiAaPQ)EBC31203246 035 $a(oapen)doab36489 035 $a(EXLCZ)994340000000239254 100 $a20240525d2000 uy 0 101 0 $ager 135 $aurnnunnnannuu 181 $ctxt$2rdacontent 182 $cc$2rdamedia 183 $acr$2rdacarrier 200 10$aComparative Literary Studies: Lermontov, Turgenev, Goncharov, Tolstoj, Blok - Lavater, Lessing, Schiller, Grillparzer$fEdmund Heier 205 $a1st, New ed. 210 $aFrankfurt a.M$cPH02$d2000 215 $a1 online resource (201 p.)$c, EPDF 225 0 $aVortra?ge und Abhandlungen zur Slavistik$v39 300 $aPeter Lang GmbH, Internationaler Verlag der Wissenschaften 311 08$a9783954794140 311 08$a3954794144 330 $aDie seit 1980 erscheinende Reihe Vortra?ge und Abhandlungen zur Slavistik bietet Publikationsmo?glichkeiten vor allem fu?r kleinere Monographien, die ihrem Umfang nach zwischen Zeitschriftenbeitrag und großem Buch anzusiedeln sind. Aufgenommen werden Themen aus dem Gesamtbereich der slavischen Sprachen, Literaturen und Kulturen sowie ihrer Wechselbeziehungen. Neben Untersuchungen werden auch Bibliographien, Forschungsberichte und Editionen vero?ffentlicht. Die Autoren und Autorinnen der bisherigen Ba?nde kommen aus Amerika, Kanada, Deutschland, Finnland, Polen, Rußland, Schweiz, Slowenien, Tschechische Republik und Ungarn. 517 $aComparative Literary Studies 606 $aLiterature & literary studies$2bicssc 610 $aSlavic languages 610 $aliteratures 610 $acultures 610 $ainterrelations 610 $aBlok 610 $aComparative 610 $aGeschichte 610 $aGoncharov 610 $aGrillparzer 610 $aHeier 610 $aLavater 610 $aLermontov 610 $aLessing 610 $aLiterary 610 $aLiteratur 610 $aSchiller 610 $aSlavische Sprachwissenschaft 610 $aSlavische Studien 610 $aSlawistik 610 $aStudies 610 $aTolstoj 610 $aTurgenev 615 7$aLiterature & literary studies 700 $aHeier$b Edmund$4aut$0684150 801 0$bPH02 801 1$bPH02 906 $aBOOK 912 $a9910563045603321 996 $aComparative Literary Studies: Lermontov, Turgenev, Goncharov, Tolstoj, Blok - Lavater, Lessing, Schiller, Grillparzer$93039053 997 $aUNINA